000
00334pab a2200145 454500
008
180718b1987 xxu||||| |||| 00| 0 eng d
100
_a
Basu, Chitta
245
_a
Economic backwardness Villain of the piece
260
_c
1987
300
_a
32-5
362
_a
26 Jan.
650
_a
Nationalism
773
_a
Yojana
909
_a
13998
999
_c
13998
_d
13998